[Event "HUN-chT2 Erkel 2122"]
[White "Csetneki, Mark"]
[Black "Ruska, Zoltan"]
[Site "Hungary"]
[Round "6.10"]
[Result "1/2-1/2"]
[Date "2022.02.13"]
[WhiteElo "1766"]
[BlackElo "1865"]
[PlyCount "34"]
[EventDate "2021.10.10"]
[EventType "team-tourn"]
[EventRounds "9"]
[EventCountry "HUN"]
[SourceTitle "EXT 2025"]
[Source "ChessBase"]
[SourceDate "2024.10.14"]
[SourceVersion "1"]
[SourceVersionDate "2024.10.14"]
[SourceQuality "1"]
[WhiteTeam "HASE"]
[BlackTeam "Dunaharaszti II"]
[WhiteTeamCountry "HUN"]
[BlackTeamCountry "HUN"]

1. d4 d5 2. c4 e6 3. Nc3 Nf6 4. Nf3 Be7 5. e3 0-0 6. Bd3 dxc4 7. Bxc4 b6 8. 0-0 Bb7 9. b3 Nbd7 10. Bb2 c5 11. dxc5 Nxc5 12. Qe2 Nce4 13. Nxe4 Bxe4 14. Rfd1 Qc8 15. Rac1 Rd8 16. Rxd8+ Qxd8 17. Ne5 Rc8 1/2-1/2

[Event "HUN-chT2 Breyer 0809"]
[White "Barabas, Attila"]
[Black "Ruska, Zoltan"]
[Site "Hungary"]
[Round "7"]
[Result "1/2-1/2"]
[Date "2009.02.08"]
[WhiteElo "2033"]
[BlackElo "2027"]
[PlyCount "46"]
[EventDate "2008.10.26"]
[EventType "tourn"]
[EventRounds "11"]
[EventCountry "HUN"]
[SourceTitle "EXT 2010"]
[Source "ChessBase"]
[SourceDate "2010.11.25"]
[SourceVersion "1"]
[SourceVersionDate "2010.11.25"]
[SourceQuality "1"]
[WhiteTeam "Vertesi Eromu"]
[BlackTeam "Dunaharaszti II"]
[WhiteTeamCountry "HUN"]
[BlackTeamCountry "HUN"]

1. d3 d5 2. e4 dxe4 3. dxe4 Qxd1+ 4. Kxd1 Nc6 5. c3 e5 6. Be3 Be6 7. Nd2 0-0-0 8. Kc2 f5 9. f3 Nf6 10. Ne2 f4 11. Bf2 g5 12. h3 h5 13. Nc1 a6 14. Nd3 Nd7 15. b4 Be7 16. Be2 Rdg8 17. a4 g4 18. hxg4 hxg4 19. b5 Rxh1 20. Rxh1 axb5 21. axb5 Na5 22. Rh6 Bc4 23. Rh7 Bxd3+ 1/2-1/2

[Event "HUN-chT2 Breyer 0809"]
[White "Vrona, Mihail"]
[Black "Ruska, Zoltan"]
[Site "Hungary"]
[Round "4"]
[Result "1/2-1/2"]
[Date "2008.12.21"]
[WhiteElo "2139"]
[BlackElo "2027"]
[PlyCount "32"]
[EventDate "2008.10.26"]
[EventType "tourn"]
[EventRounds "11"]
[EventCountry "HUN"]
[SourceTitle "EXT 2010"]
[Source "ChessBase"]
[SourceDate "2010.11.25"]
[SourceVersion "1"]
[SourceVersionDate "2010.11.25"]
[SourceQuality "1"]
[WhiteTeam "Tatai Honved"]
[BlackTeam "Dunaharaszti II"]
[WhiteTeamCountry "HUN"]
[BlackTeamCountry "HUN"]

1. d4 d5 2. Nf3 e6 3. e3 Nf6 4. Bd3 c5 5. c3 Be7 6. Nbd2 0-0 7. Ne5 Nc6 8. f4 Ne8 9. Qh5 f5 10. 0-0 Nf6 11. Qh3 c4 12. Bc2 Ne4 13. Ndf3 Rf6 14. Nxc6 bxc6 15. Ne5 c5 16. Nc6 Qc7 1/2-1/2

[Event "Veszprem Hemo op"]
[White "Ruska, Zoltan"]
[Black "Akots, Gabor"]
[Site "Veszprem"]
[Round "6"]
[Result "0-1"]
[Date "2008.08.19"]
[WhiteElo "2045"]
[BlackElo "2242"]
[PlyCount "104"]
[EventDate "2008.08.16"]
[EventType "swiss"]
[EventRounds "7"]
[EventCountry "HUN"]
[SourceTitle "EXT 2011"]
[Source "ChessBase"]
[SourceDate "2010.11.26"]
[SourceVersion "1"]
[SourceVersionDate "2010.11.26"]
[SourceQuality "1"]

1. d4 d5 2. Nf3 Nf6 3. e3 c5 4. Be2 Nc6 5. 0-0 Bg4 6. dxc5 e6 7. b3 Bxc5 8. Bb2 0-0 9. Ne5 Bxe2 10. Qxe2 Bd6 11. Nf3 Rc8 12. Nbd2 Qe7 13. c4 Rfd8 14. Rfd1 Bb8 15. Rac1 a6 16. h3 Bc7 17. Kf1 Rd7 18. cxd5 Nxd5 19. Nc4 f6 20. Ba3 Qf7 21. e4 Nf4 22. Rxd7 Qxd7 23. Rd1 Nxe2 24. Rxd7 Nc3 25. Nd6 Bxd6 26. Rxd6 Nb5 27. Bc5 Nxd6 28. Bxd6 Rd8 29. Bc5 Rd1+ 30. Ke2 Rc1 31. b4 Rc2+ 32. Kd3 Rxa2 33. Kc4 b5+ 34. Kd3 Kf7 35. Kc3 a5 36. bxa5 Rxa5 37. Bb6 Ra6 38. Bc5 Ra4 39. Kb3 Rxe4 40. Be3 Ra4 41. Bc5 e5 42. Bb6 Nd4+ 43. Nxd4 exd4 44. Bc5 Ke6 45. g3 Rc4 46. Bb6 g5 47. Ba7 f5 48. Bb6 f4 49. gxf4 gxf4 50. h4 d3 51. Ba5 Kd5 52. f3 b4 0-1

[Event "HUN-chT2 Erkel 0708"]
[White "Ruska, Zoltan"]
[Black "Koszegi, Lajos"]
[Site "Hungary"]
[Round "10"]
[Result "1/2-1/2"]
[Date "2008.04.27"]
[WhiteElo "2011"]
[BlackElo "2066"]
[PlyCount "35"]
[EventDate "2007.10.14"]
[EventType "team-tourn"]
[EventRounds "11"]
[EventCountry "HUN"]
[SourceTitle "EXT 2009"]
[Source "ChessBase"]
[SourceDate "2008.11.26"]
[SourceVersion "1"]
[SourceVersionDate "2008.11.26"]
[SourceQuality "1"]
[WhiteTeam "Dunaharaszti II"]
[BlackTeam "Godollo"]
[WhiteTeamCountry "HUN"]
[BlackTeamCountry "HUN"]

1. d4 g6 2. c4 Bg7 3. Nc3 d6 4. Nf3 c6 5. e4 Bg4 6. Be2 Qb6 7. Na4 Qc7 8. Be3 Nf6 9. Nc3 0-0 10. Qd2 a6 11. h3 Bd7 12. Bh6 b5 13. Bxg7 Kxg7 14. e5 dxe5 15. dxe5 Ng8 16. cxb5 axb5 17. Rc1 Qb6 18. b4 1/2-1/2

[Event "HUN-chT2 Erkel 0708"]
[White "Ruska, Zoltan"]
[Black "Farsang, Peter"]
[Site "Hungary"]
[Round "7"]
[Result "1/2-1/2"]
[Date "2008.03.02"]
[WhiteElo "2011"]
[BlackElo "2011"]
[PlyCount "60"]
[EventDate "2007.10.14"]
[EventType "team-tourn"]
[EventRounds "11"]
[EventCountry "HUN"]
[SourceTitle "EXT 2009"]
[Source "ChessBase"]
[SourceDate "2008.11.26"]
[SourceVersion "1"]
[SourceVersionDate "2008.11.26"]
[SourceQuality "1"]
[WhiteTeam "Dunaharaszti II"]
[BlackTeam "Foti"]
[WhiteTeamCountry "HUN"]
[BlackTeamCountry "HUN"]

1. d4 Nf6 2. c4 g6 3. Nc3 d5 4. cxd5 Nxd5 5. e4 Nxc3 6. bxc3 Bg7 7. Be3 c5 8. Bc4 Qa5 9. Bd2 0-0 10. Ne2 Nc6 11. 0-0 Bg4 12. f3 Bd7 13. Rb1 Qc7 14. d5 Na5 15. Bf4 Be5 16. Bxe5 Qxe5 17. Bb5 Qc7 18. Qa4 Bc8 19. Bd3 c4 20. Bc2 b6 21. Qa3 Rd8 22. Nd4 e6 23. dxe6 Bxe6 24. Nxe6 fxe6 25. Rfd1 Nc6 26. Qc1 Rxd1+ 27. Qxd1 Rd8 28. Qe2 Ne5 29. Rd1 Qc5+ 30. Kf1 Rxd1+ 1/2-1/2

[Event "HUN-chT2 Erkel 0708"]
[White "Gonczol, Gabor"]
[Black "Ruska, Zoltan"]
[Site "Hungary"]
[Round "5"]
[Result "0-1"]
[Date "2007.12.16"]
[WhiteElo "1913"]
[BlackElo "2011"]
[PlyCount "116"]
[EventDate "2007.10.14"]
[EventType "team-tourn"]
[EventRounds "11"]
[EventCountry "HUN"]
[SourceTitle "EXT 2009"]
[Source "ChessBase"]
[SourceDate "2008.11.26"]
[SourceVersion "1"]
[SourceVersionDate "2008.11.26"]
[SourceQuality "1"]
[WhiteTeam "Ujszasz"]
[BlackTeam "Dunaharaszti II"]
[WhiteTeamCountry "HUN"]
[BlackTeamCountry "HUN"]

1. e4 c5 2. Nf3 e6 3. c3 Nc6 4. d4 cxd4 5. cxd4 Nf6 6. Nc3 Bb4 7. Qc2 Qb6 8. a3 Bxc3+ 9. bxc3 h6 10. Bd3 d5 11. e5 Nd7 12. 0-0 Qc7 13. Nd2 0-0 14. f4 f5 15. a4 Kh8 16. Ba3 Rg8 17. Rf3 Nf8 18. h3 Bd7 19. g4 g6 20. Kf2 Rc8 21. Nb3 Qd8 22. Rg1 Na5 23. Nd2 Nc6 24. Qb1 Na5 25. Bc2 b6 26. Rfg3 Nc4 27. Nxc4 dxc4 28. gxf5 exf5 29. Bxf5 Bxf5 30. Qxf5 Nh7 31. Rxg6 Qh4+ 32. R6g3 Rxg3 33. Rxg3 Rg8 34. Qg4 Rxg4 35. hxg4 Qh2+ 36. Kf3 Qh1+ 37. Rg2 Qd1+ 38. Re2 Qf1+ 39. Rf2 Qh3+ 40. Ke4 Qxc3 41. Bb2 Qe1+ 42. Kf3 c3 43. Ba3 Qd1+ 44. Re2 c2 45. e6 c1Q 46. Bxc1 Qxc1 47. e7 Nf6 48. e8Q+ Nxe8 49. Rxe8+ Kg7 50. Re7+ Kf6 51. Rxa7 Qd1+ 52. Kg3 Qxd4 53. Kf3 Qd3+ 54. Kf2 Qe4 55. g5+ hxg5 56. fxg5+ Kxg5 57. a5 Qf5+ 58. Ke2 bxa5 0-1